| 000 | 00486nam a2200169 a 4500 | ||
|---|---|---|---|
| 005 | 20140310183259.0 | ||
| 008 | 021212s19uu xx 00 eng d | ||
| 020 | _a0345388186 | ||
| 050 |
_aPR 6039 _b.T649lb 1994 |
||
| 100 | _aTolkien, J. R. R. | ||
| 245 |
_aThe lays of beleriand : _bthe history of the middle earth / _cJ. R. R. Tolkien. |
||
| 260 |
_aU. S. A : _bBallantine Books, _c1994. |
||
| 300 |
_a465 p. : _c18 cm. |
||
| 650 | _aFiction | ||
| 942 |
_cBK _2lcc |
||
| 999 |
_c20919 _d20919 |
||